000 00588pam a2200217 a 4500
001 4751146
005 20180827075030.0
008 850709s1986 nyua b 001 0 eng
010 _a 85016872
020 _a0471824488
040 _aDLC
_cDLC
_dDLC
041 _aeng
080 _a547.007/8
082 0 0 _a547.007/8
_219
100 1 _a13
101 _aKIM
245 1 0 _aMicroscale organic laboratory /
_cDana W. Mayo, Ronald M. Pike, Samuel S. Butcher.
504 _aIncludes bibliographies and index.
906 _a7
_bcbc
_corignew
_d1
_eocip
_f19
_gy-gencatlg
942 _2ddc
_cBK
999 _c47348
_d47348